LEADER 01276nam a2200277 a 4500 001 000000151112 003 CaOOAMICUS 005 20160407125948.0 008 160407s1990 be u000 u fre r 032 $aLibriCat 040 $aPUL$bita 245 00$aMéthodes et instruments du travail intellectuel au moyen âge :$bétudes sur le vocabulaire /$céditées par Olga Weijers. 260 $aTurnhout :$bBrepols,$c1990. 300 $a251 p. ;$c24 cm. 490 1 $aEtudes sur le vocabulaire intellectuel du moyen âge ;$v03 500 $aIn testa al front.: CIVICIMA. 504 $aBibliografia in nota. 650 4$aCultura$zEuropa$yEvo medio.$0(OLS)http://pul/subject/34540 700 1 $aWeijers, Olga.$0(OLS)http://pul/name/50455 830 0$aEtudes sur le vocabulaire intellectuel du moyen âge ;$v03.$0(OLS)http://pul/title/99351 850 $aPUL 852 $aPUL$W1$xDP1 Cons. Gen., Altre Classi 1$y22$m733 M 3$j173561$qStampati$B175894$CPULBib$Z2$F175894 $H64962 $81 941 1 $a8 996 $6245$aMéthodes et instruments du travail intellectuel au moyen âge :$bétudes sur le vocabulaire$9(OLS)http://pul/title/190312 996 $6260$aTurnhout :$bBrepols$9(OLS)http://pul/publisher/47850 LEADER 01319nam a2200265 a 4500 001 000000161321 003 CaOOAMICUS 005 20170613175950.0 008 170613s1978 it m 001 u ger r 032 $aLibriCat 040 $aPUL$bita 100 1 $aKaufmann, Josef.$0(OLS)http://pul/name/103320 245 14$aDer Begriff des Hoerens im Johannesevangelium : $beine Begriffsuntersuchung auf dem Hintergrund der johanneischen Offenbarungstheologie /$cJosef Kaufmann. 260 $aRoma :$b[s.n.],$c1978. 300 $a92 p. ;$c25 cm. 502 $aEstratto di Tesi-- Pontificia Università Gregoriana. Facultas Theologiae.1970. 504 $aBibliografia in nota a piè pagina. 630 04$aBiblia.$pN.T.$pIohannes.$0(OLS)http://pul/subject/37924 710 2 $aPontificia Università Gregoriana.$bFacoltà di teologia.$kTesi.$0(OLS)http://pul/name/81592 850 $aPUL 852 $aPUL$W1$xDP1 Tesi Pon. Univ. Gregoriana$y40$mTH PUG 2630$j185279$qTesi$B188478$CPULBib$Z2$F188478 $H46470 $82 941 1 $a16 996 $6245$aDer Begriff des Hoerens im Johannesevangelium : $beine Begriffsuntersuchung auf dem Hintergrund der johanneischen Offenbarungstheologie$9(OLS)http://pul/title/201036 996 $6260$aRoma :$b[s.n.]$9(OLS)http://pul/publisher/47958